[Event "U14 Polish Youth Championship"]
[Site "chess24.com"]
[Date "2018.04.30"]
[Round "2"]
[White "Grzesik, Gracjan"]
[Black "Gorkiewicz, Mateusz"]
[Result "1-0"]
[Board "14"]
[WhiteElo "1884"]
[WhiteCountry "POL"]
[WhiteFideId "1194593"]
[WhiteEloChange "9"]
[BlackElo "1854"]
[BlackCountry "POL"]
[BlackFideId "21807299"]
[BlackEloChange "-9"]

1. c4 {[%clk 1:30:54]} e6 {[%clk 1:30:50]} 2. Nc3 {[%clk 1:31:17]} d5 {[%clk
1:31:11]} 3. cxd5 {[%clk 1:31:42]} exd5 {[%clk 1:31:35]} 4. d4 {[%clk 1:31:59]}
Nf6 {[%clk 1:31:56]} 5. Bg5 {[%clk 1:32:20]} Be7 {[%clk 1:32:16]} 6. Qc2 {[%clk
1:32:39]} O-O {[%clk 1:32:08]} 7. e3 {[%clk 1:33:04]} c6 {[%clk 1:32:23]} 8. Bd3
{[%clk 1:33:24]} Nbd7 {[%clk 1:32:45]} 9. Nge2 {[%clk 1:33:32]} Re8 {[%clk
1:30:48]} 10. O-O {[%clk 1:31:47]} Nf8 {[%clk 1:21:43]} 11. Rae1 {[%clk 1:27:12]}
Be6 {[%clk 1:12:06]} 12. f3 {[%clk 1:22:57]} h6 {[%clk 1:06:37]} 13. Bh4 {[%clk
1:22:34]} Rc8 {[%clk 1:05:25]} 14. Qb1 {[%clk 1:15:54]} a6 {[%clk 0:59:26]} 15.
a3 {[%clk 1:07:14]} N6d7 {[%clk 0:52:16]} 16. Bxe7 {[%clk 0:55:47]} Qxe7 {[%clk
0:52:38]} 17. e4 {[%clk 0:53:36]} dxe4 {[%clk 0:49:53]} 18. fxe4 {[%clk 0:53:23]}
Qd6 {[%clk 0:46:39]} 19. e5 {[%clk 0:46:32]} Qc7 {[%clk 0:44:36]} 20. Ne4 {[%clk
0:45:04]} Rcd8 {[%clk 0:40:56]} 21. Nd6 {[%clk 0:43:40]} Re7 {[%clk 0:41:08]} 22.
Kh1 {[%clk 0:37:27]} Nb6 {[%clk 0:33:23]} 23. Ng3 {[%clk 0:33:05]} Nc8 {[%clk
0:30:26]} 24. Nge4 {[%clk 0:28:40]} Qb6 {[%clk 0:27:46]} 25. Nxc8 {[%clk
0:19:30]} Bxc8 {[%clk 0:26:00]} 26. Nd6 {[%clk 0:19:35]} Qxd4 {[%clk 0:17:37]}
27. Re4 {[%clk 0:19:08]} Qb6 {[%clk 0:16:18]} 28. Rb4 {[%clk 0:16:34]} Qa7 {[%clk
0:15:08]} 29. Rbf4 {[%clk 0:13:13]} Be6 {[%clk 0:13:54]} 30. Bf5 {[%clk 0:11:22]}
b5 {[%clk 0:09:01]} 31. Bxe6 {[%clk 0:10:17]} fxe6 {[%clk 0:09:05]} 32. Rxf8+
{[%clk 0:07:08]} Rxf8 {[%clk 0:09:26]} 33. Rxf8+ {[%clk 0:07:35]} Kxf8 {[%clk
0:09:50]} 34. Qh7 {[%clk 0:08:02]} Rf7 {[%clk 0:10:06]} 35. Qh8+ {[%clk 0:08:27]}
Ke7 {[%clk 0:10:27]} 36. Qe8# {[%clk 0:08:54]} 1-0

[Event "U14 Polish Youth Championship"]
[Site "chess24.com"]
[Date "2018.04.30"]
[Round "2"]
[White "Jozefczyk, Szymon"]
[Black "Luberanski, Jakub"]
[Result "1/2-1/2"]
[Board "15"]
[WhiteElo "1562"]
[WhiteCountry "POL"]
[WhiteFideId "21837171"]
[WhiteEloChange "7"]
[BlackElo "1880"]
[BlackCountry "POL"]
[BlackFideId "21830509"]
[BlackEloChange "-7"]

1. e4 {[%clk 1:30:55]} c5 {[%clk 1:30:57]} 2. Nf3 {[%clk 1:31:02]} e6 {[%clk
1:31:24]} 3. d4 {[%clk 1:31:03]} cxd4 {[%clk 1:31:49]} 4. Nxd4 {[%clk 1:30:50]}
a6 {[%clk 1:32:15]} 5. Nc3 {[%clk 1:29:45]} Qc7 {[%clk 1:32:32]} 6. Be3 {[%clk
1:27:13]} Bb4 {[%clk 1:32:27]} 7. Qd2 {[%clk 1:21:07]} Nf6 {[%clk 1:31:57]} 8. f3
{[%clk 1:19:53]} d5 {[%clk 1:31:00]} 9. exd5 {[%clk 1:09:54]} Nxd5 {[%clk
1:31:17]} 10. Nde2 {[%clk 1:04:51]} Nxe3 {[%clk 1:28:34]} 11. Qxe3 {[%clk
1:04:20]} O-O {[%clk 1:27:29]} 12. O-O-O {[%clk 1:01:15]} Bc5 {[%clk 1:20:31]}
13. Qg5 {[%clk 0:57:35]} b5 {[%clk 1:14:57]} 14. Ne4 {[%clk 0:54:10]} Be7 {[%clk
1:15:14]} 15. Qg3 {[%clk 0:52:56]} Qa5 {[%clk 1:06:27]} 16. Kb1 {[%clk 0:49:30]}
Bb7 {[%clk 0:54:13]} 17. Nf4 {[%clk 0:39:43]} Bxe4 {[%clk 0:43:23]} 18. fxe4
{[%clk 0:39:57]} Nc6 {[%clk 0:40:47]} 19. Nh5 {[%clk 0:37:00]} g6 {[%clk
0:37:58]} 20. e5 {[%clk 0:33:46]} Nb4 {[%clk 0:28:37]} 21. a3 {[%clk 0:28:45]}
Nd5 {[%clk 0:28:09]} 22. Rxd5 {[%clk 0:20:17]} exd5 {[%clk 0:28:24]} 23. Nf4
{[%clk 0:20:28]} b4 {[%clk 0:20:48]} 24. axb4 {[%clk 0:16:37]} Bxb4 {[%clk
0:21:08]} 25. Bd3 {[%clk 0:15:56]} Ra7 {[%clk 0:19:30]} 26. Nh5 {[%clk 0:12:31]}
Kh8 {[%clk 0:10:16]} 27. Qf2 {[%clk 0:10:22]} gxh5 {[%clk 0:08:55]} 28. Qxa7
{[%clk 0:04:46]} Bc5 {[%clk 0:05:28]} 29. Qd7 {[%clk 0:03:48]} Rb8 {[%clk
0:00:50]} 30. Qxf7 {[%clk 0:00:35]} Rxb2+ {[%clk 0:01:08]} 31. Kc1 {[%clk
0:00:56]} Be3+ {[%clk 0:00:57]} 32. Kxb2 {[%clk 0:00:59]} Qb4+ {[%clk 0:00:49]}
33. Ka2 {[%clk 0:01:12]} Qa4+ {[%clk 0:01:08]} 34. Kb1 {[%clk 0:01:35]} Qb4+
{[%clk 0:01:30]} 35. Ka2 {[%clk 0:01:47]} Qa4+ {[%clk 0:01:44]} 36. Kb1 {[%clk
0:02:01]} 1/2-1/2

[Event "U14 Polish Youth Championship"]
[Site "chess24.com"]
[Date "2018.04.30"]
[Round "2"]
[White "Poltorak, Sebastian"]
[Black "Wasik, Mateusz"]
[Result "1-0"]
[Board "16"]
[WhiteElo "1705"]
[WhiteCountry "POL"]
[WhiteFideId "1199498"]
[WhiteEloChange "8"]
[BlackElo "1624"]
[BlackCountry "POL"]
[BlackFideId "21867666"]
[BlackEloChange "-8"]

1. d4 {[%clk 1:30:57]} d5 {[%clk 1:30:49]} 2. c4 {[%clk 1:31:24]} e6 {[%clk
1:31:14]} 3. Nc3 {[%clk 1:31:50]} Nf6 {[%clk 1:31:39]} 4. cxd5 {[%clk 1:32:10]}
exd5 {[%clk 1:32:02]} 5. Bg5 {[%clk 1:32:36]} Be7 {[%clk 1:32:05]} 6. e3 {[%clk
1:32:50]} Nbd7 {[%clk 1:30:43]} 7. Bd3 {[%clk 1:33:09]} c6 {[%clk 1:30:28]} 8.
Qc2 {[%clk 1:33:18]} O-O {[%clk 1:30:38]} 9. Nge2 {[%clk 1:33:24]} Re8 {[%clk
1:30:52]} 10. f3 {[%clk 1:31:01]} Nf8 {[%clk 1:30:12]} 11. Bh4 {[%clk 1:30:59]}
g6 {[%clk 1:29:19]} 12. Bf2 {[%clk 1:24:27]} Ne6 {[%clk 1:29:04]} 13. O-O {[%clk
1:24:19]} b6 {[%clk 1:23:52]} 14. Rad1 {[%clk 1:16:48]} Bb7 {[%clk 1:23:44]} 15.
h3 {[%clk 1:15:12]} Rc8 {[%clk 1:24:00]} 16. e4 {[%clk 1:13:52]} c5 {[%clk
1:03:30]} 17. Bb5 {[%clk 1:09:18]} Rf8 {[%clk 1:03:35]} 18. exd5 {[%clk 0:59:03]}
Nxd4 {[%clk 1:03:11]} 19. Nxd4 {[%clk 0:58:15]} cxd4 {[%clk 1:03:34]} 20. Bxd4
{[%clk 0:57:12]} Nxd5 {[%clk 1:03:01]} 21. Qb3 {[%clk 0:55:54]} Bd6 {[%clk
1:00:05]} 22. Ne4 {[%clk 0:52:12]} a6 {[%clk 0:53:34]} 23. Bc4 {[%clk 0:49:38]}
Be7 {[%clk 0:50:52]} 24. Bf6 {[%clk 0:39:18]} Bxf6 {[%clk 0:50:43]} 25. Bxd5
{[%clk 0:39:36]} Bxd5 {[%clk 0:50:37]} 26. Rxd5 {[%clk 0:39:56]} Qe7 {[%clk
0:50:59]} 27. Qxb6 {[%clk 0:33:56]} Bg7 {[%clk 0:51:06]} 28. b3 {[%clk 0:30:18]}
Qa3 {[%clk 0:50:33]} 29. Rd2 {[%clk 0:28:44]} Rc1 {[%clk 0:48:53]} 30. Qe3 {[%clk
0:23:10]} Rfc8 {[%clk 0:47:10]} 31. Rxc1 {[%clk 0:18:13]} Qxc1+ {[%clk 0:43:47]}
32. Kf2 {[%clk 0:17:52]} Qc6 {[%clk 0:36:14]} 33. Rd6 {[%clk 0:13:09]} Qc2+
{[%clk 0:35:59]} 34. Qd2 {[%clk 0:13:29]} Bh6 {[%clk 0:32:00]} 35. Rd8+ {[%clk
0:13:23]} Bf8 {[%clk 0:29:07]} 36. Rxc8 {[%clk 0:10:19]} Qxc8 {[%clk 0:29:29]}
37. Qc3 {[%clk 0:10:38]} Qe6 {[%clk 0:25:53]} 38. Nf6+ {[%clk 0:10:32]} Kh8
{[%clk 0:25:11]} 39. Nd7+ {[%clk 0:09:18]} Kg8 {[%clk 0:25:09]} 40. Qc8 {[%clk
0:09:32]} Qd6 {[%clk 0:24:56]} 41. Qxf8+ {[%clk 0:09:54]} Qxf8 {[%clk 0:25:13]}
42. Nxf8 {[%clk 0:10:19]} Kxf8 {[%clk 0:25:42]} 43. Ke3 {[%clk 0:10:25]} Ke7
{[%clk 0:26:09]} 44. Kd4 {[%clk 0:10:42]} Kd6 {[%clk 0:26:37]} 45. b4 {[%clk
0:11:06]} f6 {[%clk 0:26:54]} 46. a4 {[%clk 0:11:29]} Kc6 {[%clk 0:27:15]} 47.
Kc4 {[%clk 0:11:47]} h5 {[%clk 0:26:32]} 48. g4 {[%clk 0:11:58]} hxg4 {[%clk
0:26:44]} 49. hxg4 {[%clk 0:12:24]} g5 {[%clk 0:26:51]} 50. b5+ {[%clk 0:12:49]}
axb5+ {[%clk 0:26:51]} 51. axb5+ {[%clk 0:13:12]} Kb6 {[%clk 0:26:54]} 52. Kd5
{[%clk 0:13:32]} Kxb5 {[%clk 0:27:16]} 53. Ke6 {[%clk 0:13:59]} Kc6 {[%clk
0:27:36]} 54. Kxf6 {[%clk 0:14:24]} 1-0

[Event "U14 Polish Youth Championship"]
[Site "chess24.com"]
[Date "2018.04.30"]
[Round "2"]
[White "Redzisz, Michal"]
[Black "Bartoszewski-Reiski, Olaf"]
[Result "1-0"]
[Board "17"]
[WhiteElo "1950"]
[WhiteCountry "POL"]
[WhiteFideId "21816107"]
[WhiteEloChange "3"]
[BlackElo "1668"]
[BlackCountry "POL"]
[BlackFideId "21819351"]
[BlackEloChange "-3"]

1. e4 {[%clk 1:30:57]} c5 {[%clk 1:30:55]} 2. Nf3 {[%clk 1:31:22]} Nc6 {[%clk
1:31:19]} 3. d4 {[%clk 1:31:50]} cxd4 {[%clk 1:31:40]} 4. Nxd4 {[%clk 1:32:14]}
g6 {[%clk 1:32:03]} 5. c4 {[%clk 1:32:41]} Nf6 {[%clk 1:32:21]} 6. Nc3 {[%clk
1:33:02]} Nxd4 {[%clk 1:32:30]} 7. Qxd4 {[%clk 1:33:23]} d6 {[%clk 1:31:59]} 8.
Be3 {[%clk 1:32:10]} Bg7 {[%clk 1:32:16]} 9. f3 {[%clk 1:32:27]} O-O {[%clk
1:32:32]} 10. Qd2 {[%clk 1:32:30]} Qa5 {[%clk 1:29:33]} 11. Be2 {[%clk 1:24:26]}
Be6 {[%clk 1:27:58]} 12. Rc1 {[%clk 1:24:10]} a6 {[%clk 1:23:04]} 13. O-O {[%clk
1:13:28]} Rab8 {[%clk 1:22:17]} 14. Nd5 {[%clk 1:09:25]} Qxa2 {[%clk 1:21:24]}
15. Ra1 {[%clk 1:06:10]} Nxe4 {[%clk 1:16:28]} 16. fxe4 {[%clk 1:03:15]} Qxb2
{[%clk 1:16:41]} 17. Qxb2 {[%clk 1:03:27]} Bxb2 {[%clk 1:17:04]} 18. Rab1 {[%clk
1:03:53]} Bxd5 {[%clk 1:16:55]} 19. exd5 {[%clk 1:03:35]} Ba3 {[%clk 1:16:53]}
20. Rb3 {[%clk 1:03:19]} Bc5 {[%clk 1:14:22]} 21. Bxc5 {[%clk 1:03:11]} dxc5
{[%clk 1:14:50]} 22. Rfb1 {[%clk 1:00:23]} b5 {[%clk 1:14:32]} 23. cxb5 {[%clk
1:00:46]} axb5 {[%clk 1:14:56]} 24. Bxb5 {[%clk 0:50:35]} Rbc8 {[%clk 1:12:45]}
25. Rc3 {[%clk 0:43:43]} Rc7 {[%clk 1:13:06]} 26. Rbc1 {[%clk 0:36:00]} Rfc8
{[%clk 1:13:14]} 27. Bc6 {[%clk 0:36:15]} e6 {[%clk 1:12:46]} 28. Rxc5 {[%clk
0:36:38]} exd5 {[%clk 1:12:57]} 29. Kf2 {[%clk 0:36:04]} d4 {[%clk 1:11:11]} 30.
Ke2 {[%clk 0:35:56]} Rd8 {[%clk 1:11:02]} 31. Kd3 {[%clk 0:34:36]} Re7 {[%clk
1:10:20]} 32. Rd5 {[%clk 0:31:49]} Rxd5 {[%clk 1:10:15]} 33. Bxd5 {[%clk
0:32:16]} h5 {[%clk 1:08:13]} 34. Rb1 {[%clk 0:28:23]} Re3+ {[%clk 1:07:18]} 35.
Kxd4 {[%clk 0:28:48]} Re2 {[%clk 1:07:26]} 36. Rb7 {[%clk 0:19:04]} Rf2 {[%clk
1:07:28]} 37. Ke5 {[%clk 0:16:56]} Kg7 {[%clk 1:01:58]} 38. h4 {[%clk 0:17:21]}
Rf5+ {[%clk 0:56:58]} 39. Kd6 {[%clk 0:17:19]} Rf4 {[%clk 0:56:44]} 40. Re7
{[%clk 0:11:32]} Rxh4 {[%clk 0:51:29]} 41. Rxf7+ {[%clk 0:11:33]} Kh6 {[%clk
0:51:49]} 42. Ke5 {[%clk 0:11:09]} Rg4 {[%clk 0:51:45]} 43. Bf3 {[%clk 0:06:46]}
Ra4 {[%clk 0:51:07]} 44. Be4 {[%clk 0:05:56]} Ra5+ {[%clk 0:51:09]} 45. Kf4
{[%clk 0:05:58]} Ra6 {[%clk 0:48:15]} 46. Rc7 {[%clk 0:03:20]} Rf6+ {[%clk
0:48:10]} 47. Ke3 {[%clk 0:01:27]} Rf8 {[%clk 0:47:39]} 48. Rc6 {[%clk 0:01:04]}
Rg8 {[%clk 0:47:12]} 49. Kf4 {[%clk 0:01:30]} Rf8+ {[%clk 0:44:59]} 50. Ke5
{[%clk 0:00:50]} Re8+ {[%clk 0:45:02]} 51. Kf4 {[%clk 0:01:05]} Rf8+ {[%clk
0:45:21]} 52. Ke5 {[%clk 0:01:00]} Re8+ {[%clk 0:45:34]} 53. Re6 {[%clk 0:01:27]}
Rxe6+ {[%clk 0:44:27]} 54. Kxe6 {[%clk 0:01:53]} h4 {[%clk 0:44:47]} 55. Kf6
{[%clk 0:02:11]} Kh5 {[%clk 0:43:52]} 56. Bxg6+ {[%clk 0:01:44]} Kg4 {[%clk
0:44:10]} 57. Bf5+ {[%clk 0:02:13]} Kg3 {[%clk 0:44:08]} 58. Bh3 {[%clk 0:02:40]}
Kf4 {[%clk 0:43:37]} 59. Kg6 {[%clk 0:03:05]} Kg3 {[%clk 0:43:34]} 60. Kh5 {[%clk
0:03:05]} 1-0

[Event "U14 Polish Youth Championship"]
[Site "chess24.com"]
[Date "2018.04.30"]
[Round "2"]
[White "Czarnomski, Dominik"]
[Black "Dzida, Kamil"]
[Result "0-1"]
[Board "18"]
[WhiteElo "1554"]
[WhiteCountry "POL"]
[WhiteFideId "21836086"]
[WhiteEloChange "-2"]
[BlackElo "1938"]
[BlackCountry "POL"]
[BlackFideId "21828652"]
[BlackEloChange "2"]

1. d4 {[%clk 1:30:57]} Nf6 {[%clk 1:30:53]} 2. c4 {[%clk 1:31:23]} e6 {[%clk
1:31:20]} 3. g3 {[%clk 1:31:45]} d5 {[%clk 1:31:34]} 4. Nf3 {[%clk 1:32:08]} Be7
{[%clk 1:31:18]} 5. Bg2 {[%clk 1:32:31]} O-O {[%clk 1:31:41]} 6. O-O {[%clk
1:32:59]} dxc4 {[%clk 1:32:05]} 7. Qc2 {[%clk 1:33:20]} a6 {[%clk 1:32:08]} 8. a4
{[%clk 1:33:41]} Bd7 {[%clk 1:29:20]} 9. Qxc4 {[%clk 1:26:26]} Bc6 {[%clk
1:29:43]} 10. Bf4 {[%clk 1:24:34]} Nbd7 {[%clk 1:28:50]} 11. Nc3 {[%clk 1:16:52]}
Nb6 {[%clk 1:27:27]} 12. Qd3 {[%clk 1:16:55]} Nbd5 {[%clk 1:25:43]} 13. Bg5
{[%clk 0:58:30]} Nxc3 {[%clk 1:19:18]} 14. bxc3 {[%clk 0:57:37]} h6 {[%clk
1:17:03]} 15. Bxf6 {[%clk 0:54:10]} Bxf6 {[%clk 1:17:02]} 16. e4 {[%clk 0:54:13]}
Qd7 {[%clk 1:17:21]} 17. Nd2 {[%clk 0:44:53]} Rfd8 {[%clk 1:14:54]} 18. Nb3
{[%clk 0:33:50]} b6 {[%clk 1:02:17]} 19. a5 {[%clk 0:26:16]} Rac8 {[%clk
1:01:00]} 20. Rfb1 {[%clk 0:17:57]} Bb7 {[%clk 0:56:23]} 21. Nc5 {[%clk 0:10:33]}
bxc5 {[%clk 0:56:42]} 22. Rxb7 {[%clk 0:11:01]} cxd4 {[%clk 0:56:59]} 23. Rd1
{[%clk 0:10:33]} Qa4 {[%clk 0:55:56]} 24. c4 {[%clk 0:02:10]} Qxa5 {[%clk
0:56:17]} 25. Rdb1 {[%clk 0:01:34]} e5 {[%clk 0:55:50]} 26. R7b3 {[%clk 0:01:22]}
Qc5 {[%clk 0:54:46]} 27. Ra1 {[%clk 0:01:11]} Rd6 {[%clk 0:55:02]} 28. Rba3
{[%clk 0:01:26]} Qa7 {[%clk 0:54:28]} 29. Bf1 {[%clk 0:01:17]} Rb8 {[%clk
0:53:49]} 30. Ra5 {[%clk 0:01:14]} Rdb6 {[%clk 0:48:24]} 31. c5 {[%clk 0:01:06]}
Rc6 {[%clk 0:48:17]} 32. Qa3 {[%clk 0:01:14]} Be7 {[%clk 0:47:36]} 33. Rc1 {[%clk
0:00:43]} Rd8 {[%clk 0:44:42]} 34. Bb5 {[%clk 0:00:39]} Rxc5 {[%clk 0:44:24]} 35.
Rxa6 {[%clk 0:00:42]} Rxc1+ {[%clk 0:43:18]} 36. Qxc1 {[%clk 0:01:08]} Qb7 {[%clk
0:41:32]} 37. Bd3 {[%clk 0:01:16]} Bd6 {[%clk 0:38:48]} 38. Rc6 {[%clk 0:01:22]}
Rb8 {[%clk 0:38:53]} 39. Kg2 {[%clk 0:00:44]} Qb4 {[%clk 0:37:45]} 40. Rc2 {[%clk
0:00:45]} Ra8 {[%clk 0:37:45]} 41. Bc4 {[%clk 0:00:36]} Ra3 {[%clk 0:37:45]} 42.
Bd5 {[%clk 0:00:37]} d3 {[%clk 0:32:38]} 43. Rd2 {[%clk 0:00:43]} Rc3 {[%clk
0:32:23]} 44. Qd1 {[%clk 0:00:40]} c6 {[%clk 0:31:35]} 45. Ba2 {[%clk 0:00:52]}
Qxe4+ {[%clk 0:31:56]} 46. f3 {[%clk 0:01:03]} Qe3 {[%clk 0:29:23]} 47. Bb1
{[%clk 0:00:52]} e4 {[%clk 0:28:11]} 48. fxe4 {[%clk 0:01:01]} Qxe4+ {[%clk
0:28:36]} 49. Qf3 {[%clk 0:01:23]} Qxf3+ {[%clk 0:25:19]} 50. Kxf3 {[%clk
0:01:51]} Rb3 {[%clk 0:24:32]} 51. Bxd3 {[%clk 0:01:22]} Bb4 {[%clk 0:24:49]} 52.
Rd1 {[%clk 0:01:40]} c5 {[%clk 0:24:45]} 53. Kf2 {[%clk 0:01:25]} Rb2+ {[%clk
0:24:55]} 54. Be2 {[%clk 0:00:45]} c4 {[%clk 0:23:57]} 55. Rd8+ {[%clk 0:00:38]}
Kh7 {[%clk 0:24:26]} 56. Rc8 {[%clk 0:00:46]} c3 {[%clk 0:24:53]} 57. Ke3 {[%clk
0:01:06]} g6 {[%clk 0:24:18]} 58. h3 {[%clk 0:00:37]} Kg7 {[%clk 0:19:33]} 59.
Bd3 {[%clk 0:00:34]} g5 {[%clk 0:18:01]} 60. g4 {[%clk 0:00:42]} Rh2 {[%clk
0:17:57]} 61. Bf1 {[%clk 0:00:39]} c2 {[%clk 0:18:15]} 62. Kd3 {[%clk 0:00:37]}
Rd2+ {[%clk 0:18:38]} 63. Ke3 {[%clk 0:00:54]} Rd1 {[%clk 0:19:03]} 64. Rxc2
{[%clk 0:00:42]} Rxf1 {[%clk 0:19:27]} 65. Ke2 {[%clk 0:00:40]} Rh1 {[%clk
0:19:37]} 66. Rc4 {[%clk 0:00:32]} Bd6 {[%clk 0:19:45]} 67. Rc3 {[%clk 0:00:54]}
Rh2+ {[%clk 0:20:10]} 68. Kf1 {[%clk 0:01:15]} Bf4 {[%clk 0:20:33]} 69. Kg1
{[%clk 0:01:25]} Re2 {[%clk 0:20:57]} 70. Rc6 {[%clk 0:01:05]} Re3 {[%clk
0:21:16]} 71. Kg2 {[%clk 0:01:26]} Rg3+ {[%clk 0:21:41]} 0-1

[Event "U14 Polish Youth Championship"]
[Site "chess24.com"]
[Date "2018.04.30"]
[Round "2"]
[White "Oborski, Artur"]
[Black "Kujawa, Krzysztof"]
[Result "1-0"]
[Board "19"]
[WhiteElo "1921"]
[WhiteCountry "POL"]
[WhiteFideId "21844810"]
[WhiteEloChange "3"]
[BlackElo "1595"]
[BlackCountry "POL"]
[BlackFideId "1194500"]
[BlackEloChange "-3"]

1. d4 {[%clk 1:30:55]} Nf6 {[%clk 1:30:48]} 2. c4 {[%clk 1:31:18]} c5 {[%clk
1:31:08]} 3. d5 {[%clk 1:31:40]} e6 {[%clk 1:31:31]} 4. Nc3 {[%clk 1:32:02]} exd5
{[%clk 1:31:46]} 5. cxd5 {[%clk 1:32:23]} d6 {[%clk 1:32:05]} 6. Nf3 {[%clk
1:32:44]} g6 {[%clk 1:32:13]} 7. Nd2 {[%clk 1:33:05]} Bg7 {[%clk 1:31:39]} 8. e4
{[%clk 1:33:24]} O-O {[%clk 1:31:51]} 9. Be2 {[%clk 1:33:45]} Re8 {[%clk
1:30:52]} 10. O-O {[%clk 1:33:58]} a6 {[%clk 1:27:47]} 11. a4 {[%clk 1:34:17]}
Nbd7 {[%clk 1:27:02]} 12. h3 {[%clk 1:30:46]} Rb8 {[%clk 1:24:09]} 13. Qc2 {[%clk
1:21:21]} Nb6 {[%clk 1:10:45]} 14. a5 {[%clk 1:04:54]} Na8 {[%clk 1:10:37]} 15.
Nc4 {[%clk 1:03:33]} Qe7 {[%clk 1:07:35]} 16. Bf4 {[%clk 0:58:57]} Rd8 {[%clk
1:05:20]} 17. Nxd6 {[%clk 0:50:25]} Nc7 {[%clk 0:52:06]} 18. Nc4 {[%clk 0:49:52]}
Nfe8 {[%clk 0:52:07]} 19. Rad1 {[%clk 0:42:11]} Bxc3 {[%clk 0:46:49]} 20. bxc3
{[%clk 0:41:51]} Nd6 {[%clk 0:46:07]} 21. Nxd6 {[%clk 0:41:23]} Rxd6 {[%clk
0:46:23]} 22. Bxd6 {[%clk 0:41:33]} Qxd6 {[%clk 0:46:40]} 23. f4 {[%clk 0:40:23]}
Qd8 {[%clk 0:46:33]} 24. c4 {[%clk 0:40:14]} Ne8 {[%clk 0:46:16]} 25. Qc3 {[%clk
0:38:30]} Nd6 {[%clk 0:46:32]} 26. Bd3 {[%clk 0:38:16]} Bd7 {[%clk 0:45:54]} 27.
e5 {[%clk 0:38:00]} Nf5 {[%clk 0:45:59]} 28. Bxf5 {[%clk 0:38:19]} Bxf5 {[%clk
0:46:24]} 29. g4 {[%clk 0:36:56]} Bc8 {[%clk 0:46:00]} 30. Kg2 {[%clk 0:36:20]}
h5 {[%clk 0:45:41]} 31. gxh5 {[%clk 0:36:27]} gxh5 {[%clk 0:46:07]} 32. Kh2
{[%clk 0:36:36]} Kh7 {[%clk 0:46:23]} 33. Rg1 {[%clk 0:36:00]} Bf5 {[%clk
0:46:25]} 34. Qg3 {[%clk 0:36:06]} Qf8 {[%clk 0:46:52]} 35. Qg5 {[%clk 0:34:24]}
1-0

[Event "U14 Polish Youth Championship"]
[Site "chess24.com"]
[Date "2018.04.30"]
[Round "2"]
[White "Trybus, Daniel"]
[Black "Iwaszkiewicz, Krzysztof"]
[Result "0-1"]
[Board "20"]
[WhiteElo "1831"]
[WhiteCountry "POL"]
[WhiteFideId "21816131"]
[WhiteEloChange "-17"]
[BlackElo "1530"]
[BlackCountry "POL"]
[BlackFideId "21810222"]
[BlackEloChange "17"]

1. d4 {[%clk 1:30:50]} d5 {[%clk 1:30:58]} 2. Bf4 {[%clk 1:31:00]} Nf6 {[%clk
1:31:16]} 3. e3 {[%clk 1:30:08]} c6 {[%clk 1:29:07]} 4. c4 {[%clk 1:29:16]} e6
{[%clk 1:24:50]} 5. Nf3 {[%clk 1:26:07]} Bd6 {[%clk 1:16:50]} 6. Ne5 {[%clk
1:16:44]} Bb4+ {[%clk 1:15:07]} 7. Nc3 {[%clk 1:13:19]} O-O {[%clk 1:11:38]} 8.
Qb3 {[%clk 1:09:00]} Bd6 {[%clk 1:10:34]} 9. Be2 {[%clk 1:08:39]} dxc4 {[%clk
1:02:17]} 10. Qxc4 {[%clk 1:07:12]} Nd5 {[%clk 1:00:50]} 11. Bg3 {[%clk 1:06:37]}
Qe7 {[%clk 0:55:28]} 12. O-O {[%clk 1:04:18]} f6 {[%clk 0:51:43]} 13. Nd3 {[%clk
1:01:01]} Bxg3 {[%clk 0:51:22]} 14. hxg3 {[%clk 1:01:13]} Nd7 {[%clk 0:49:02]}
15. Nxd5 {[%clk 0:55:00]} exd5 {[%clk 0:48:05]} 16. Qc3 {[%clk 0:55:21]} f5
{[%clk 0:40:10]} 17. b4 {[%clk 0:54:14]} Nf6 {[%clk 0:38:01]} 18. Rfc1 {[%clk
0:47:08]} Ne4 {[%clk 0:35:46]} 19. Qb2 {[%clk 0:47:10]} Bd7 {[%clk 0:34:09]} 20.
Ne5 {[%clk 0:43:23]} Rac8 {[%clk 0:32:58]} 21. Rc2 {[%clk 0:39:08]} Rf6 {[%clk
0:28:24]} 22. Rac1 {[%clk 0:38:51]} a6 {[%clk 0:27:01]} 23. a4 {[%clk 0:38:58]}
c5 {[%clk 0:25:22]} 24. Nxd7 {[%clk 0:32:53]} Qxd7 {[%clk 0:25:40]} 25. bxc5
{[%clk 0:33:13]} Rc7 {[%clk 0:19:12]} 26. Qb4 {[%clk 0:31:09]} Rh6 {[%clk
0:18:32]} 27. Qa5 {[%clk 0:29:52]} Qe7 {[%clk 0:16:51]} 28. Rb1 {[%clk 0:29:20]}
Nxg3 {[%clk 0:16:57]} 29. Bh5 {[%clk 0:23:56]} Rxh5 {[%clk 0:17:06]} 30. fxg3
{[%clk 0:23:50]} Qxe3+ {[%clk 0:17:04]} 31. Rf2 {[%clk 0:23:44]} Qe7 {[%clk
0:12:49]} 32. Re1 {[%clk 0:23:25]} Qd7 {[%clk 0:11:15]} 33. g4 {[%clk 0:22:54]}
Rh4 {[%clk 0:10:19]} 34. Rxf5 {[%clk 0:22:01]} h6 {[%clk 0:09:46]} 35. Rfe5
{[%clk 0:21:44]} Qf7 {[%clk 0:07:39]} 36. Rf5 {[%clk 0:20:44]} Qd7 {[%clk
0:07:51]} 37. Rfe5 {[%clk 0:11:56]} Qf7 {[%clk 0:08:02]} 38. Rf5 {[%clk 0:11:09]}
Qd7 {[%clk 0:08:12]} 39. Qd2 {[%clk 0:10:57]} Rxg4 {[%clk 0:07:38]} 40. Qf2
{[%clk 0:11:04]} Rc8 {[%clk 0:06:09]} 41. Rf1 {[%clk 0:07:27]} Qe7 {[%clk
0:05:58]} 42. Rf7 {[%clk 0:07:12]} Qe4 {[%clk 0:06:11]} 43. Rd1 {[%clk 0:06:29]}
Rxg2+ {[%clk 0:06:27]} 44. Qxg2 {[%clk 0:06:51]} Qxg2+ {[%clk 0:06:53]} 45. Kxg2
{[%clk 0:07:18]} Kxf7 {[%clk 0:07:17]} 46. Kf3 {[%clk 0:07:40]} Rc7 {[%clk
0:07:09]} 47. Kf4 {[%clk 0:07:59]} Kf6 {[%clk 0:07:27]} 48. Rf1 {[%clk 0:07:11]}
g6 {[%clk 0:07:25]} 49. Ke3+ {[%clk 0:04:14]} Kg7 {[%clk 0:06:52]} 50. Rb1 {[%clk
0:04:41]} Kf6 {[%clk 0:05:48]} 51. Rb6+ {[%clk 0:04:59]} Rc6 {[%clk 0:04:34]} 52.
Rxb7 {[%clk 0:05:06]} Ke6 {[%clk 0:04:40]} 53. Rh7 {[%clk 0:05:08]} h5 {[%clk
0:04:47]} 54. Rb7 {[%clk 0:04:47]} Kf5 {[%clk 0:04:45]} 55. Rb6 {[%clk 0:04:52]}
Re6+ {[%clk 0:05:12]} 56. Kd3 {[%clk 0:05:03]} h4 {[%clk 0:04:54]} 57. c6 {[%clk
0:04:53]} Re8 {[%clk 0:04:18]} 58. Rb1 {[%clk 0:02:50]} Rc8 {[%clk 0:04:01]} 59.
Rf1+ {[%clk 0:02:47]} Kg5 {[%clk 0:04:11]} 60. Rg1+ {[%clk 0:03:11]} Kh5 {[%clk
0:04:31]} 61. Rc1 {[%clk 0:03:36]} h3 {[%clk 0:04:47]} 62. Ke3 {[%clk 0:03:53]}
Kh4 {[%clk 0:04:35]} 63. Kf4 {[%clk 0:04:00]} g5+ {[%clk 0:04:56]} 64. Ke5 {[%clk
0:04:14]} h2 {[%clk 0:04:29]} 65. Kxd5 {[%clk 0:03:23]} g4 {[%clk 0:04:26]} 66.
Ke4 {[%clk 0:02:35]} Rxc6 {[%clk 0:04:45]} 67. Rh1 {[%clk 0:02:51]} Kh3 {[%clk
0:04:51]} 0-1